| Tag |
First Indicator |
Second Indicator |
Subfields |
| LEADER |
00000cam a2200000 a 4500 |
| 001 |
in00000002502 |
| 008 |
971231s1997 dcua s f000 0 eng d |
| 005 |
20230309222530.7 |
| 020 |
|
|
|c $4.25
|
| 035 |
|
|
|a (OCoLC)38146002
|
| 035 |
|
|
|9 AJD1014AM
|
| 035 |
|
|
|a in00000002502
|
| 040 |
|
|
|d GPO
|d DLC
|d MvI
|d UtOrBLW
|
| 043 |
|
|
|a n-us-ca
|
| 049 |
|
|
|a UDOC
|a WWW
|
| 074 |
|
|
|a 0768-B-05
|
| 074 |
|
|
|a 0768-B-05 (online)
|
| 086 |
0 |
|
|a L 2.121/5:L 89/997
|
| 090 |
|
|
|a HD8051
|b Un31b, no., 3090-12
|
| 245 |
0 |
0 |
|a National compensation survey, pilot test.
|p Los Angeles-Riverside-Orange County, CA, January 1997 /
|c U.S. Department of Labor, Bureau of Labor Statistics.
|
| 246 |
3 |
0 |
|a Los Angeles-Riverside-Orange County, CA, January 1997
|
| 246 |
3 |
0 |
|a Los Angeles, Riverside, Orange County, CA, January 1997
|
| 264 |
|
1 |
|a [Washington, DC] :
|b The Bureau,
|c [1997]
|
| 300 |
|
|
|a v, 43 pages :
|b illustrations ;
|c 28 cm.
|
| 336 |
|
|
|a text
|b txt
|2 rdacontent
|
| 337 |
|
|
|a unmediated
|b n
|2 rdamedia
|
| 338 |
|
|
|a volume
|b nc
|2 rdacarrier
|
| 490 |
1 |
|
|a Bulletin ;
|v 3090-12
|
| 500 |
|
|
|a Shipping list number: 98-0058-P.
|
| 500 |
|
|
|a "October 1997."
|
| 530 |
|
|
|a Also available via the Internet through the BLS site in three formats: ASCII file containing the exact published table formats, ASCII file containing the positional columns of data, and PDF file.
|
| 650 |
|
0 |
|a Wages
|z California
|z Los Angeles Metropolitan Area
|x Statistics.
|
| 650 |
|
0 |
|a Wages
|z California
|z Riverside Metropolitan Area
|x Statistics.
|
| 650 |
|
0 |
|a Wages
|z California
|z Orange County
|x Statistics.
|
| 650 |
|
0 |
|a Occupations
|z California
|z Los Angeles Metropolitan Area
|x Statistics.
|
| 650 |
|
0 |
|a Occupations
|z California
|z Riverside Metropolitan Area
|x Statistics.
|
| 650 |
|
0 |
|a Occupations
|z California
|z Orange County
|x Statistics.
|
| 650 |
|
0 |
|a Wage surveys
|z California
|z Los Angeles Metropolitan Area
|x Statistics.
|
| 650 |
|
0 |
|a Wage surveys
|z California
|z Riverside Metropolitan Area
|x Statistics.
|
| 650 |
|
0 |
|a Wage surveys
|z California
|z Orange County
|x Statistics.
|
| 650 |
|
0 |
|a Employee fringe benefits
|z California
|z Los Angeles Metropolitan Area
|x Statistics.
|
| 650 |
|
0 |
|a Employee fringe benefits
|z California
|z Riverside Metropolitan Area
|x Statistics.
|
| 650 |
|
0 |
|a Employee fringe benefits
|z California
|z Orange County
|x Statistics.
|
| 710 |
1 |
|
|a United States.
|b Bureau of Labor Statistics.
|
| 830 |
|
0 |
|a Bulletin of the United States Bureau of Labor Statistics ;
|v 3090-12.
|
| 856 |
4 |
1 |
|u https://purl.fdlp.gov/GPO/LPS939
|z URL accesses area list from which link may be made to full text
|t 0
|
| 999 |
|
|
|a MARS
|
| 999 |
f |
f |
|i c9ec04f4-5898-3a42-b426-6dc846df2e07
|s 8a5cec1c-680f-3eea-9488-3b9218862da6
|t 0
|
| 952 |
f |
f |
|a Texas A&M University
|b College Station
|c Electronic Resources
|d Available Online
|t 0
|e L 2.121/5:L 89/997
|h Superintendent of Documents classification
|
| 998 |
f |
f |
|a L 2.121/5:L 89/997
|t 0
|l Available Online
|